000 00668nam a2200241 a 4500
005 20210219153447.0
008 991125n 000 0 u
035 _aUPN01000101120
100 _aSchun, John H.
222 _aNASPA JOURNAL
245 _aStudent involvement in historically black greek letter organization / [et al.]
300 _a274-282
362 _a29, No. 4, 1992
505 _aEnero 1993
653 0 _aESTUDIANTES NEGROS
653 0 _aFRATERNIDADES
653 0 _aPARTICIPACION DEL ESTUDIANTE
653 0 _aRESENTIMIENTOS
700 _aTriponey, Vicky L.
700 _aHeim, Lynette L.
904 _aAC
_b038931
905 _aArticulo
999 _c77456
_d77456